| 000 | 00745cam a22002293a 4500 | ||
|---|---|---|---|
| 001 | 20441 | ||
| 003 | PGUSA | ||
| 005 | 20140828083431.0 | ||
| 008 | 070126s2007||||xxu|||||s|||||000 p eng d | ||
| 040 |
_aPGUSA _beng |
||
| 042 | _adc | ||
| 050 | 4 | _aPQ | |
| 100 | 1 |
_aLescarbot, Marc, _d1570-1641 |
|
| 245 | 1 | 0 |
_aAdieu à la France : _bSur l'embarquement du sieur de Poutrincourt et de son Équipage faisant voile en la terre de Canadas dicte la France Occidentalle _h[electronic resource] / _cMarc Lescarbot |
| 260 |
_bProject Gutenberg, _c2007 |
||
| 506 | _aPublic domain in the USA. | ||
| 516 | _aElectronic text | ||
| 653 | _aPoetry | ||
| 830 | 0 |
_aProject Gutenberg _v20441 |
|
| 856 | 4 | 0 | _uhttp://www.gutenberg.org/ebooks/20441 |
| 942 | _cEB | ||
| 999 |
_c249696 _d249696 |
||